Noël par lettre - J - Statistiques

Statistiques générales
  • Ce quiz a été pris 438 fois
  • Le résultat moyen est 6 sur 10
Statistiques - réponses
Indice Réponse % Correct
On célèbre sa naissance le jour de Noël Jésus
100%
Ce avec quoi le Petit Papa Noëldescend par milliers selon la chanson Jouets
90%
Il fête son Etrange Noël dans unfilm d'animation de Tim Burton Jack
83%
Site de quiz en ligne dont la mascotte revêt un bonnet de Santa chaque année pour Noël JetPunk
79%
Père mortel de ce dernier Joseph
79%
Equivalent anglo-saxon de Vive le vent ! Jingle Bells
77%
Il interprète Félix, déguisé en Santa, dansLe Père Noël est une ordure Gérard Jugnot
49%
Ils tendraient à remplacer les jouets plus traditionnels au pied du sapin Jeux vidéo
33%
Il est nommé Maréchal le 25 décembre 1916 Joseph Joffre
30%
Groupe étatsunien à l'origine de la plus célèbreinterprétation d'I Saw Mommy Kissing Santa Claus Jackson Five
26%
Aucun quiz correspondant
Distribution des résultats
% des personnes avec chaque résultat
Percentile par nombre de réponses
Votre historique - résultats
Vous n’avez pas pris ce quiz